000 01571nam0a2200361 4500
001 RU\NLR\bibl\1032331
005 20260405151950.0
010 _a5-94414-020-8
_92500
021 _aRU
_b2006-77483
_93927
035 _a(nilc)RSL-KNO-002989901
035 _a(NLR Aleph) 001019786
090 _a691079
_c691079
100 _a20061208d2006 |||y0rusy50 ca
101 0 _arus
102 _aRU
105 _ay zzzz|||||
106 _ar
200 1 _aОхотник за девственностью
_e(шутовской роман)
_f[Коротких Евгений]
210 _aМосква
_cПилигрим-Пресс
_cКультурный Слой
_d2006
215 _a302, [1] с.
_d21
225 1 _aШутовской роман
300 _aАвт. указан на обл.
610 0 _aФилологические науки. Художественная литература -- Российская Федерация -- Русская литература -- с сер. 50-х гг. 20 в. -- Произведения художественной литературы -- Художественная проза -- Романы. Повести. Рассказы
686 _aШ5(2=Р)75-644
_2rubbk
686 _aШ6(2=Р)75-744.04
700 1 _4070
_7ca
_8rus
_aКоротких
_bЕ. В.
_gЕвгений Васильевич
_946027
_3RU\NLR\auth\7763097
801 0 _aRU
_bРКП
_c20061208
_grcr
801 1 _aRU
_bРГБ
_c20061208
801 2 _aRU
_bNLR
_c20070118
_grcr
942 _cBOOK
980 _aNB